000 00567nam a22002057a 4500
005 20221010143325.0
008 221010b ||||| |||| 00| 0 eng d
020 _a0716306026
040 _cAL
041 _aEnglish
082 _223
_a331.880941
_bWILU
100 _aJane Wills
_959301
245 _aUnion futures:Building Networked Trade Unionism in the UK
260 _aLondon
_bFabian society
_c2002
300 _aiv,59 p.
_bPB
_c21x15 cm.
365 _c
_d€6.95
650 _atrade unionism
_959302
700 _aWILLS (Jane)
_959303
942 _2ddc
_cBK
999 _c224787
_d224787